Kraje najbliższe Liechtensteinu - Jednominutowy sprint - Statystyki

Ogólne statystyki
  • Ten quiz został rozwiązany 507 razy
  • Średni wynik to 15 z 20
Statystyki odpowiedzi
km kraj % Poprawnych
33 Niemcy
98%
0 Austria
94%
150 Francja
94%
0 Szwajcaria
94%
556 Polska
92%
68 Włochy
92%
372 Belgia
83%
334 Czechy
83%
465 Holandia
80%
556 Słowacja
78%
300 Słowenia
74%
716 Hiszpania
71%
338 Luksemburg
69%
492 Węgry
64%
409 San Marino
62%
348 Chorwacja
60%
617 Watykan
58%
400 Monako
48%
720 Serbia
46%
521 Bośnia i Hercegowina
41%
Nie znaleziono quizów pasujących do podanych kryteriów
Rozkład punktacji
Procent ludzi z każdym wynikiem
Percentyl według liczby udzielonych odpowiedzi
Twoja historia wyników
Nie rozwiązałeś tego quizu